000 00547nam a2200205Ia 4500
005 20250326144731.0
008 250326s9999 xx 000 0 und d
020 _a0-07-058879-1
037 _aTextbook
040 _aFMSL
_beng
_cFMSL
041 _aeng
_2eng
084 _aX:74 P4;1
_qFMSL
100 _aDiulio Eugene
_9514622
245 0 _aMacroeconomics
_cDiulio Eugene
250 _a3
260 _aNew Delhi
_bNew Delhi, Tata McGraw-Hill
_c2004
300 _avii,333
942 _cTB
_hX:74 P4;1
999 _c1304815
_d1304815